STAKIN- THE MAN AND HIS ERA (Record no. 370814)

MARC details
000 -LEADER
fixed length control field 00378nam a2200145Ia 4500
008 - FIXED-LENGTH DATA ELEMENTS--GENERAL INFORMATION
fixed length control field 100122s9999 xx 000 0 und d
082 ## - DEWEY DECIMAL CLASSIFICATION NUMBER
Item number 34456
Classification number 923.247
100 ## - MAIN ENTRY--PERSONAL NAME
Personal name ULAM A B
245 ## - TITLE STATEMENT
Title STAKIN- THE MAN AND HIS ERA
260 ## - PUBLICATION, DISTRIBUTION, ETC. (IMPRINT)
Name of publisher, distributor, etc THE VIKING PRESS
Date of publication, distribution, etc 1905
300 ## - PHYSICAL DESCRIPTION
Extent 760
630 ## - SUBJECT ADDED ENTRY--UNIFORM TITLE
Uniform title STAKIN- THE MAN AND HIS ERA
730 ## - ADDED ENTRY--UNIFORM TITLE
Uniform title STAKIN- THE MAN AND HIS ERA
942 ## - ADDED ENTRY ELEMENTS (KOHA)
Koha item type Book
Holdings
Withdrawn status Lost status Damaged status Not for loan Home library Current library Date acquired Cost, normal purchase price Total Checkouts Full call number Barcode Date last seen Cost, replacement price Price effective from Koha item type Public note
        S.V. Pathak Library, Vile Parle S.V. Pathak Library, Vile Parle 06/21/1983 20.00   34456 SVPPARLE-34456 01/25/2010 20.00 01/25/2010 Book "BUNDLE - K -1, , , NA"